|
|
|
|
| LEADER |
01754nam a2200289 a 4500 |
| 001 |
2895886 |
| 005 |
19891128120135.0 |
| 008 |
090512r20041993njua b 001 0 eng d |
| 010 |
|
|
|a 87025077
|
| 020 |
|
|
|a 8120308697
|
| 040 |
|
|
|a DLC
|c DLC
|d DLC
|
| 082 |
0 |
0 |
|a 621.31/7
|2 19
|
| 100 |
1 |
|
|a Rashid, M. H.
|
| 245 |
1 |
0 |
|a Power electronics :
|b circuits, devices, and applications /
|c Muhammad Harunur Rashid.
|
| 260 |
|
|
|a Englewood Cliffs, N.J. :
|b Prentice Hall;
|a New Delhi,
|c 1993.
|
| 300 |
|
|
|a xvi, 702 p. :
|b ill. ;
|c 25 cm. +
|e 1 computer disk (5 1/4 in.)
|
| 500 |
|
|
|a System requirements for computer disk in pocket: Any personal computer (such as IBM PC, XT, or AT); PC-DOS or MS-DOS 2 or 3.
|
| 504 |
|
|
|a Includes bibliographical references (p. 578-579)
|
| 541 |
1 |
|
|e 00013900
|
| 650 |
|
0 |
|a Power electronics.
|
| 852 |
4 |
|
|a <add your library>
|j <shelf mark>
|
| 999 |
|
|
|c 631
|d 631
|
| 952 |
|
|
|0 0
|1 0
|2 ddc
|4 0
|6 621_317000000000000_RAS_2004
|7 0
|8 NFIC
|9 580
|a BRACUL
|b BRACUL
|c GEN
|d 2009-05-12
|l 2
|m 24
|o 621.317 RAS
|p 3010013899
|r 2022-09-26
|s 2022-06-07
|t 1
|w 2009-05-12
|y BK
|
| 952 |
|
|
|0 0
|1 0
|2 ddc
|4 0
|6 621_317000000000000_RAS_2004
|7 0
|8 NFIC
|9 10963
|a BRACUL
|b BRACUL
|c GEN
|d 2010-06-14
|l 2
|m 18
|o 621.317 RAS
|p 3010013900
|r 2025-12-08
|s 2025-10-29
|t 2
|w 2010-06-14
|y BK
|
| 952 |
|
|
|0 0
|1 0
|2 ddc
|4 0
|6 621_317000000000000_RAS_2004
|7 0
|8 NFIC
|9 10964
|a BRACUL
|b BRACUL
|c GEN
|d 2010-06-14
|l 1
|o 621.317 RAS
|p 3010013902
|r 2013-05-07
|s 2013-05-06
|t 3
|w 2010-06-14
|y BK
|
| 952 |
|
|
|0 0
|1 0
|2 ddc
|4 0
|6 621_317000000000000_RAS_2004
|7 0
|8 NFIC
|9 10965
|a BRACUL
|b BRACUL
|c GEN
|d 2010-06-14
|l 0
|o 621.317 RAS
|p 3010013903
|r 2010-06-14
|t 4
|w 2010-06-14
|y BK
|
| 952 |
|
|
|0 0
|1 0
|2 ddc
|4 0
|6 621_317000000000000_RAS_2004
|7 0
|9 16298
|a BRACUL
|b BRACUL
|c GEN
|d 2011-05-05
|l 1
|m 15
|o 621.317 RAS
|p 3010013901
|r 2023-01-22
|s 2022-10-16
|t 5
|w 2011-05-05
|y BK
|